Estadísticas para Todas las canciones del álbum de Mora Microdosis

Haz click aquí para intentar la prueba.

Estadísticas generales

  • Esta prueba ha sido intentada 31 veces
  • La puntuación promedio es 11 de 15

Estadísticas de respuestas

HintRespuesta% Correcto
14La Inocente
100%
3Memorias
100%
9Playa Privada
86%
7Tus Lágrimas
86%
1Badtrip :(
82%
15Ojos Colorau
82%
4Robert de Niro
82%
22010
77%
11QSY
73%
6Lindor
68%
8Escalofríos
64%
13Oro Rosado
64%
12Tu Amigo
64%
5Pecado
55%
10Lejos de ti
50%

Distribución de puntuación

Porcentaje por número respondido

Porcentaje de gente con cada puntuación

Historial de tus puntuaciones

No has intentado esta prueba.